| 000 | 00589nam a22002297a 4500 | ||
|---|---|---|---|
| 003 | UA-OsUOA | ||
| 001 | 116818 | ||
| 007 | ta | ||
| 008 | 20160405b un ||||| |||| 00| 0 ukr d | ||
| 090 | _a94(470+571-25) | ||
| 942 | _cBK | ||
| 040 |
_aUA-OsUOA _beng _cUA-OsUOA _dUA-OsUOA |
||
| 245 |
_aAround the Kremlin _cN. V. Gordeyev |
||
| 300 | _a245 p. | ||
| 955 | _a1 | ||
| 041 | _aeng | ||
| 080 | _a94(470+571-25) | ||
| 260 |
_aМ. _bPP _c1967 |
||
| 650 | 7 |
_a57 Біологічні науки в цілому _2UDC |
|
| 999 |
_c402737 _d402737 |
||